MARC

LEADER 00000nam0a2200000 4500
001 291588
005 20231102000414.0
035 |a (RuTPU)RU\TPU\book\316166 
035 |a RU\TPU\book\287450 
090 |a 291588 
100 |a 20150415d1978 m y0rusy50 ca 
101 0 |a rus 
102 |a RU 
105 |a a z 001zy 
200 1 |a В удивительном мире камня  |f В. И. Лебединский 
205 |a 2-е изд., перераб. и доп. 
210 |a Москва  |c Недра  |d 1978 
215 |a 160 с.  |c ил. 
320 |a Библиогр.: с. 159. 
606 1 |a Горные породы  |2 stltpush  |3 (RuTPU)RU\TPU\subj\7929  |9 35440 
610 1 |a камни 
610 1 |a петрография 
610 1 |a изучение 
610 1 |a осадочные породы 
610 1 |a магма 
610 1 |a гранит 
610 1 |a базальты 
610 1 |a метаморфические породы 
610 1 |a изделия 
610 1 |a искусственный камень 
675 |a 552  |v 3 
700 1 |a Лебединский  |b В. И.  |g Владимир Иванович 
801 1 |a RU  |b 63413507  |c 20140619 
801 2 |a RU  |b 63413507  |c 20150930  |g RCR 
942 |c BK